00634cam a22002171 45000010008000000030004000080050017000120080041000290100017000700350018000870400028001050420012001330500017001450820008001621000043001702450032002132600055002453000045003004900045003455040026003909382276OSt20170206084548.0730824s1963 paua b 000 0 eng  a 63013870  a(OCoLC)681927 aDLCcOAkUdMnDuStSdDLC apremarc00aND1280b.E48 a7521 aEllinger, Richard G.q(Richard Gordon)10aColor structure and design. aScranton, Pa.,bInternational Textbook Co.c[1963] axiii, 144 p.billus. (part col.)c24 cm.0 aInternational textbooks in art education aBibliography: p. 139.